American or British - Musicians/Bands - Statistics

General Stats
  • This quiz has been taken 515 times
  • The average score is 15 of 20
Answer Stats
Question Answer % Correct
The Rolling Stones UK
97%
Adele UK
92%
P!nk US
88%
KoЯn US
87%
Creedence Clearwater Revival US
85%
Wham! UK
84%
(Diana Ross and) The Supremes US
83%
Aerosmith US
83%
Amy Winehouse UK
81%
Missy Elliott US
77%
UB40 UK
75%
R.E.M. US
75%
Pet Shop Boys UK
72%
The Doors US
72%
The Proclaimers UK
71%
Genesis UK
71%
The Animals UK
62%
Iron Maiden UK
61%
Pixies US
60%
Bonnie Tyler UK
50%
No matching quizzes found
Score Distribution
Percent of People with Each Score
Percentile by Number Answered
Your Score History
You have not taken this quiz